Statistics for Biggest Cities in a Square #2

Click here to take the quiz!

General Stats

  • This quiz has been taken 77 times
  • The average score is 20 of 25

Answers on the Map

Answers color-coded by a green-red scale on the quiz's map according to % correct below.
 

Answer Stats

PopulationCity% Correct
2,163,824Havana
99%
8,175,133New York City
99%
2,720,546Chicago
97%
1,234,742Port-au-Prince
96%
1,024,027Dublin
94%
7,556,900London
94%
3,255,944Madrid
94%
2,600,000Toronto
94%
2,138,551Paris
93%
1,621,537Barcelona
92%
1,977,663Algiers
90%
3,144,909Casablanca
90%
984,333Birmingham
86%
1,600,000Montréal
85%
934,240Ottawa
85%
1,567,442Philadelphia
85%
1,655,753Rabat
85%
2,201,941Santo Domingo
83%
994,938Guatemala City
80%
2,476,400Dakar
77%
964,891Fes
77%
950,848Tegucigalpa
72%
918,741Merída
38%
1,200,000Santiago de los Caballeros
27%
903,485Sale
13%

Score Distribution

Percentile by Number Answered

Percent of People with Each Score

Your Score History

You have not taken this quiz